[Event "Harrogate 4NCL op 24th"]
[Site "Harrogate"]
[Date "2020.01.17"]
[Round "1"]
[White "English, Andrew Jp"]
[Black "Heald, Carl"]
[Result "0-1"]
[WhiteElo "1450"]
[BlackElo "1756"]
[PlyCount "132"]
[EventDate "2020.01.17"]
[EventType "swiss"]
[EventRounds "5"]
[EventCountry "ENG"]
[SourceTitle "CBM 195 Extra"]
[Source "ChessBase"]
[SourceDate "2020.05.31"]
[SourceVersion "1"]
[SourceVersionDate "2020.05.31"]
[SourceQuality "1"]

1. c4 c5 2. g3 Nc6 3. Bg2 Nf6 4. Nc3 g6 5. Nf3 Bg7 6. 0-0 0-0 7. a3 d6 8. d3 Bg4 9. h3 Bxf3 10. Bxf3 Qd7 11. Bg2 e6 12. Rb1 a5 13. b3 d5 14. Bb2 d4 15. Na4 Qd6 16. Bc1 Rad8 17. Bf4 e5 18. Bg5 h6 19. Bxf6 Bxf6 20. Nb6 Ne7 21. Nd5 Nxd5 22. Bxd5 Qc7 23. Bg2 Be7 24. a4 Kg7 25. e4 h5 26. Qd2 h4 27. g4 g5 28. f3 Kg6 29. Rf2 Rd6 30. Rbf1 Rf6 31. Qd1 Rd8 32. Qd2 Rdd6 33. Qd1 Rb6 34. Rb2 Rb4 35. Qe2 Rfb6 36. Rfb1 Qd6 37. Qd2 Qf6 38. Kh1 Bd8 39. Kg1 Bc7 40. Kh1 Qe7 41. Kg1 Rf6 42. Rf1 Rf4 43. Qd1 Qf6 44. Rbf2 Qb6 45. Rb2 Rxa4 46. bxa4 Qxb2 47. Rf2 Qb4 48. Qc2 Rf6 49. Qb2 Qe1+ 50. Bf1 Rb6 51. Qd2 Qe3 52. Qxe3 dxe3 53. Re2 Rb1 54. Rxe3 Ra1 55. Re2 Rxa4 56. Rb2 Rb4 57. Ra2 a4 58. Kf2 Ba5 59. Ke2 b6 60. Ke3 Rb1 61. Kf2 Rb4 62. Ke3 Kf6 63. Be2 Ke6 64. Bd1 Rb1 65. Bxa4 Rh1 66. Kf2 Rh2+ 0-1

[Event "Harrogate 4NCL op-B 17th"]
[Site "Harrogate"]
[Date "2018.01.21"]
[Round "5"]
[White "Heald, Carl"]
[Black "Potter, Steven"]
[Result "0-1"]
[WhiteElo "1930"]
[BlackElo "1812"]
[PlyCount "94"]
[EventDate "2018.01.19"]
[EventType "swiss"]
[EventRounds "5"]
[EventCountry "ENG"]
[SourceTitle "CBM 182 Extra"]
[Source "ChessBase"]
[SourceDate "2018.02.23"]
[SourceVersion "1"]
[SourceVersionDate "2018.02.23"]
[SourceQuality "1"]

1. Nf3 b6 2. g3 Bb7 3. Bg2 c5 4. 0-0 Nf6 5. c4 g6 6. d3 Bg7 7. e4 d6 8. Nc3 0-0 9. Bg5 Nc6 10. Qd2 Nd7 11. Nd5 f6 12. Bh6 e6 13. Bxg7 Kxg7 14. Nf4 Qe7 15. Rfe1 Nde5 16. Nxe5 dxe5 17. Ne2 Rad8 18. Rad1 Nd4 19. Nxd4 Rxd4 20. Re3 Rfd8 21. f4 exf4 22. gxf4 e5 23. f5 gxf5 24. Rg3+ Kh8 25. exf5 Bxg2 26. Qxg2 Qf7 27. b3 Rg8 28. h3 Rxg3 29. Qxg3 Qg7 30. Qxg7+ Kxg7 31. Kf2 Rf4+ 32. Ke3 Rxf5 33. a3 Rh5 34. Rh1 f5 35. b4 Rg5 36. Kf3 Kf6 37. bxc5 bxc5 38. h4 Rg4 39. Ke3 h5 40. a4 e4 41. d4 Rg3+ 42. Kf2 Rf3+ 43. Ke2 cxd4 44. Rg1 Rc3 45. Rg5 Rc2+ 46. Ke1 Rxc4 47. Rxh5 Rxa4 0-1

[Event "Harrogate 4NCL op-B 17th"]
[Site "Harrogate"]
[Date "2018.01.20"]
[Round "3"]
[White "Heald, Carl"]
[Black "Dean, Robert A"]
[Result "1/2-1/2"]
[WhiteElo "1930"]
[BlackElo "1851"]
[PlyCount "99"]
[EventDate "2018.01.19"]
[EventType "swiss"]
[EventRounds "5"]
[EventCountry "ENG"]
[SourceTitle "CBM 182 Extra"]
[Source "ChessBase"]
[SourceDate "2018.02.23"]
[SourceVersion "1"]
[SourceVersionDate "2018.02.23"]
[SourceQuality "1"]

1. Nf3 Nf6 2. g3 g6 3. Bg2 Bg7 4. 0-0 d6 5. d4 c6 6. c4 0-0 7. Nc3 Nbd7 8. e4 e5 9. h3 Re8 10. d5 Nc5 11. Re1 a5 12. b3 h6 13. Ba3 Qc7 14. Qd2 Bd7 15. Rad1 Rad8 16. Qe3 b6 17. Kh2 Nh5 18. Qe2 Qb8 19. Bc1 Kh7 20. Nh4 Bf6 21. Nf3 Qc8 22. Be3 Bg7 23. Nd2 Bh8 24. a3 Qb7 25. b4 cxd5 26. Nxd5 Na4 27. Nb3 Be6 28. Qd2 Bxd5 29. cxd5 axb4 30. Qxb4 b5 31. Na5 Qd7 32. Nc6 Ra8 33. Rc1 f5 34. Bf3 f4 35. Bxh5 gxh5 36. gxf4 exf4 37. Bxf4 Nb2 38. e5 Qf5 39. Qe4 Qxe4 40. Rxe4 Nd3 41. Rf1 Nxf4 42. Rxf4 Bxe5 43. Nxe5 Rxe5 44. Rg1 Rg5 45. Rf7+ Kg6 46. Rd7 Rxg1 47. Kxg1 Ra6 48. Kg2 Kf5 49. Rb7 Rxa3 50. Rxb5 1/2-1/2